000 00819nam a2200241Ia 4500
003 OSt
005 20220923215935.0
006 a|||||r|||| 00| 0
007 ta
008 220922b |||||||| |||| 00| 0 hin d
024 _a183,006
037 _cTextual
040 _aARTS
_cARTS
_bhin
041 _2hin
_ahin
082 _aO152,1N177w,1, M4-;3
100 _aशर्मा, विष्णुचन्द्र
245 0 _aमुक्तिबोध की आत्मकथा
246 _aMuktibodh kī ātmakathā
260 _aनयी दिल्ली
_b राधाकृष्ण प्रकाशन
_c1984
300 _a500 पृ.
_ccm.
942 _hO152,1N177w,1, M4-;3
_cTEXL
_2CC
999 _c336362
_d336362